| 000 | 01115nam0a22002531 4500 | ||
|---|---|---|---|
| 001 | rc\370465 | ||
| 005 | 20250621054243.0 | ||
| 035 | _a(NLR Aleph) 005602053 | ||
| 090 |
_a6323217 _c6323217 |
||
| 100 | _a20030307d1989 |||y0rusy50 ca | ||
| 101 | 0 | _arus | |
| 102 | _aRU | ||
| 105 | _aa ||||||||| | ||
| 200 | 1 |
_aМетодические рекомендации по прогнозированию и поискам россыпей золота в кайнозойских впадинах Северо-Востока СССР _fИ.Б. Флеров, С.А. Лаухин, С.В. Величко и др. _g[Отв. ред. И.Б. Флеров] _gМ-во геологии СССР, Центр. н.-и. геол.-развед. ин-т цв. и благород. металлов ЦНИГРИ |
|
| 210 |
_aМ. _cЦНИГРИ _d1989 |
||
| 215 |
_a85 с. _cил. _d22 |
||
| 300 | _aНа обл. авт. не указаны | ||
| 320 | _aБиблиогр.: с. 81-84 | ||
| 333 | _aДСП. Экз. № 8 | ||
| 801 | 0 |
_aRU _bNLR _gpsbo |
|
| 801 | 1 |
_aRU _bELAR _2rusmarc |
|
| 852 |
_aNLR _j90-50К/2349 |
||
| 942 | _cBOOK | ||
| 980 | _aNB | ||